LDR 00819naa#a2200169#i#450# 001 EN\\bibl\121079 005 20260429215919.3 011 ## _a2073-0454 100 ## _a20251015b2025####ek#y0engy0150####ca 102 ## _aRU 200 1# _aActivities of socially oriented non-commercial organizations and their possible impact on the economy of the subjects of the Russian Federation in the SVO zone _eJournal article 210 1# _aMoscow _cMoscow University of the Ministry of Internal Affairs of Russia named after V.Ya. Kikot _d2025 215 ## _a14 с. 608 ## _aJournal article _2local 675 ## _aРегиональная, территориальная экономическая политика, планирование и прогнозирование. 332.14 _z 700 #1 _aGryadunov _gMihail Yur'evich 856 4# _amosumvd.editorum.ru _u